00444 a2200157 4500003000400000005001700004008004100021020001800062040000900080082001800089100002000107245008800127250001200215260004900227300001000276OSt20240131101631.0240131b |||||||| |||| 00| 0 eng d a9788182719798 coclc a342.54bFAY/P aFayiz, C. Ahmed aPourathwa Bhethagathi Niyamam: Jenakeeya Porattathinoru Manifesto /cC. Ahmed Fayiz a1st ed. aKozhikode:bIslamic Publishing House,c2020. a192p.